000 01131nam a2200253Ia 4500
003 Ost
005 20260507075412.0
008 260507s9999||||xx |||||||||||||| ||und||
020 _a2570117977
040 _cfsecg
041 _aara
082 _a330
100 _aالنحراوي، أيمن
_eمؤلف
245 0 _aمنظومة النقل الدولي بسفن الحاويات /
_c أيمن النحراوي
260 _aالإسكندرية:
_bدار الفكر الجامعي,
_c2009
300 _a585 صفحة؛
_bإيضاحات ؛
_c25 سم
520 _aيضم نشأة منظومة النقل الدولي بسفن الحاويات، التطورات الحديثة في تصميم وبناء سفن الحاويات، الشركات الملاحية العالمية للنقل بسفن الحاويات، نظرة القدرة التنافسية للموانئ ومحطات الحاويات
653 _aالحاويات
653 _aالسفن
653 _aالقانون الدولي البحري
653 _aالملاحة البحرية
653 _aالنقل البحري
942 _cكتاب
999 _c44423
_d44423